00225nam a2200085Ia 4500001000800000005001700008008004100025245005400066260001900120120749120250827022827.0250824s9999 xx 000 0 und d 0aTÜRKİYE VE İSLAMİYETcHAYREDDİN KARAMAN bİZ YAYINLARI